000 00506nam a22001817a 4500
999 _c5691
_d5691
003 GBCCL
005 20241126110547.0
008 180404b ||||| |||| 00| 0 eng d
040 _cgbc
082 _a248.24
_bLOC
100 _aLockerbie, Jeannie
_910277
245 _aThis new life of yours /
_cJeannie Lockerbie
260 _aBombay:
_bGospel Literature Service,
_c1979
300 _a110 p.;
_c18 cm.
650 _aConversion
_vBible teaching
_910278
650 _aChristian life
_9183
942 _2ddc
_cBK
_02